• 首页
  • 本馆介绍
  • 公告通知
  • 最新文献
  • 馆藏检索
  • 电子资源
  • 读者导购
  • 参考咨询
  • 我的图书馆
  • 登录
  • 详细信息显示
  • 放入我的书架
  • 预约/预借图书
  • 作者相关作品
  • 分类相关作品
  • 丛书相关作品
  • 出版社相关作品

书目信息

  • 表格格式
  • 工作单格式
  • 卡片格式
题名:
高分子加工原理与技术
    
 
作者: 王小妹 , 阮文红 编
分册:  
出版信息: 北京   化学工业出版社  2014.5
页数: 423页
开本: 26cm
丛书名: 高分子科学与工程系列教材
单 册:
中图分类: TQ316-43
科图分类:
主题词: 高分子材料--gao fen zi cai liao--生产工艺--高等学校--教材
电子资源:
ISBN: 978-7-122-20047-1
000 00997nam 2200301 45
001 012001002216
005 20191122094148.84
010    @a978-7-122-20047-1@dCNY56.00
099    @aCAL 012015037808
100    @a20150325d2015 em y0chiy50 ea
101 0  @achi
102    @aCN@b110000
105    @aak a 000yy
106    @ar
200 1  @a高分子加工原理与技术@Agao fen zi jia gong yuan li yu ji shu@f王小妹, 阮文红编
205    @a第2版
210    @a北京@c化学工业出版社@d2014.5
215    @a423页@c图@d26cm
225 2  @a高分子科学与工程系列教材@Agao fen zi ke xue yu gong cheng xi lie jiao cai
300    @a普通高等教育“十一五”国家级规划教材
320    @a有书目 (第422-423页)
410  0 @12001@@a高分子科学与工程系列教材
606 0  @a高分子材料@Agao fen zi cai liao@x生产工艺@x高等学校@j教材
690    @aTQ316-43@v5
701  0 @a王小妹@Awang xiao mei@4编
701  0 @a阮文红@Aruan wen hong@4编
801  0 @aCN@b北京卓展@c20191020
905    @b1199874-7@dTQ316-43@e22=2@f4
    
    高分子加工原理与技术/王小妹, 阮文红编.-第2版.-北京:化学工业出版社,2014.5
    423页:图;26cm.-(高分子科学与工程系列教材)
    普通高等教育“十一五”国家级规划教材
    
    ISBN 978-7-122-20047-1:CNY56.00
    
●
相关链接 在E读中查询图书 在五车中查询图书 在当当中查询图书 在豆瓣中查询图书


正题名:高分子加工原理与技术     索取号:TQ316-43/22=2         预约/预借

序号 登录号 条形码 馆藏地/架位号 状态 备注
1 1199874   211998748   第二样本阅览室/ [索取号:TQ316-43/22=2] 在馆    
2 1199875   211998757   第三借阅区/ [索取号:TQ316-43/22=2] 在馆    
3 1199876   211998766   第三借阅区/ [索取号:TQ316-43/22=2] 在馆    
4 1199877   211998775   第三借阅区/ [索取号:TQ316-43/22=2] 在馆    
唐山师范学院图书馆 欢迎您!
大连网信软件有限公司© 版权所有